Diccionario razonado de legislación y jurisprudencia / (Record no. 53376)

MARC details
000 -LEADER
campo de control de longitud fija 01066nam a2200253 i 4500
001 - NÚMERO DE CONTROL
campo de control 53376
003 - IDENTIFICADOR DE NÚMERO DE CONTROL
campo de control ES-MaACL
005 - FECHA Y HORA DE LA ÚLTIMA TRANSACCIÓN
campo de control 20251001144822.0
007 - CAMPO FIJO DE DESCRIPCIÓN FÍSICA--INFORMACIÓN GENERAL
campo de control de longitud fija t|
008 - DATOS DE LONGITUD FIJA--INFORMACIÓN GENERAL
campo de control de longitud fija 940202m18741876sp ||||1| spa d
040 ## - FUENTE DE CATALOGACIÓN
Centro catalogador/agencia de origen CAM
Lengua de catalogación spa
080 ## - NÚMERO DE LA CLASIFICACIÓN DECIMAL UNIVERSAL
Número de la Clasificación Decimal Universal 34(460)"18"(03)
100 1# - ENTRADA PRINCIPAL--NOMBRE DE PERSONA
Nombre de persona Escriche, Joaquín.
9 (RLIN) 47647
245 10 - MENCIÓN DEL TÍTULO
Título Diccionario razonado de legislación y jurisprudencia /
Mención de responsabilidad, etc. por Joaquín Escriche.
250 ## - MENCION DE EDICION
Mención de edición Nueva ed.
Resto de la mención de edición ref. y... aum. con la inclusión de la parte vigente del suplemento, escrito por D. Juan Maria Biec... y D. José Vicente y Caravantes... con nuevos artículos doctrinales por... D. José Vicente y Caravantes y D. León Galindo y de Vera...
260 ## - PUBLICACIÓN, DISTRIBUCIÓN, ETC.
Lugar de publicación, distribución, etc. Madrid :
Nombre del editor, distribuidor, etc. [s.n.],
Fecha de publicación, distribución, etc. 1874-1876 (
Fabricante Imp. de Eduardo Cuesta)
300 ## - DESCRIPCIÓN FÍSICA
Extensión 4 v. ;
Dimensiones 31 cm.
650 04 - PUNTO DE ACCESO ADICIONAL DE MATERIA--TÉRMINO DE MATERIA
Término de materia o nombre geográfico como elemento de entrada Derecho-
Subdivisión geográfica España-
Subdivisión de forma Diccionarios.
9 (RLIN) 11612
700 1# - ENTRADA AGREGADA--NOMBRE PERSONAL
Nombre de persona Vicente y Caravantes, José,
Fechas asociadas al nombre ca. 1820-1880
9 (RLIN) 133668
700 1# - ENTRADA AGREGADA--NOMBRE PERSONAL
Nombre de persona Galindo y Vera, León,
Fechas asociadas al nombre 1820-1889
9 (RLIN) 53452
700 0# - ENTRADA AGREGADA--NOMBRE PERSONAL
Nombre de persona Biec, Juan María.
9 (RLIN) 28797
852 ## - LOCALIZACIÓN
Ubicación ES-MaACL
Número de control de estantería B-10890-93
Holdings
Estatus retirado Estado de pérdida Estado de daño No para préstamo Colección Biblioteca de origen Biblioteca actual Ubicación en estantería Fecha de adquisición Fuente de adquisición Total de préstamos Signatura topográfica completa Código de barras Visto por última vez Precio de reemplazo Tipo de ítem Koha
        Colección de referencia Biblioteca del Ateneo de Madrid Biblioteca del Ateneo de Madrid Sala Pardo Bazán 17/01/2008     B-10890-93 1056084 23/02/2023 23/02/2023 Libro impreso antiguo